Statistics for Yogi Berra Quotes

Click here to take the quiz!

General Stats

  • This quiz has been taken 6,005 times
  • The average score is 8 of 15

Answer Stats

Quote % Correct
It ain't over 'till it's {over}
99%
A nickel ain't worth a {dime} anymore
92%
When you come to a {fork} in the road, take it
86%
I really didn't say everything I {said}
73%
You can observe a lot by {watching}
71%
It's {deja} {vu} all over again
54%
{Slump}? I ain't in no {slump}! I just ain't hitting
52%
Pair up in {threes}
50%
It gets late {early} out there
50%
Nobody goes there anymore. It's too {crowded}
49%
Ninety percent of this game is {half} mental
45%
In theory there is no difference between theory and {practice}. In {practice} there is
40%
There are some people who, if they don't already know, you can't {tell} '{em}
33%
The {future} ain't what it used to be
28%
Pitching always beats batting, and {vice}-{versa}
26%

Score Distribution

Percentile by Number Answered

Percent of People with Each Score

Your Score History

You have not taken this quiz